WWE Superstars (description) - Statistics

General Stats
  • This quiz has been taken 345 times
  • The average score is 20 of 30
Answer Stats
Hint Answer % Correct
Stone Cold Steve Austin
97%
The Rated R Superstar Edge
95%
Big Red Machine Kane
93%
Celtic Warrior Sheamus
92%
The Champ John Cena
88%
Cerebral Assasin Triple H
86%
Y2J Chris Jericho
84%
Latino Heat Eddie Guerrero
84%
The Beast Encarnate Brock Lesnar
82%
The Phenom/The Streak Undertaker
80%
One Man Band 3MB
79%
Captain Charisma Christian
79%
KO Kevin Owens
79%
Big Daddy Cool Kevin Nash
78%
Brahama Bull The Rock
74%
Samoan Bulldozer Umaga
70%
The Showoff Dolph Ziggler
69%
Voice of all Voiceless Cm Punk
57%
Black Widow AJ Lee
55%
The man with three faces Mick Foley
53%
SAWFT Enzo Amore
50%
The Big Guy Ryback
50%
The Gentle Giant Andre the Giant
49%
The Icon Sting
49%
The Canadian Crippler Chris Benoit
46%
The Boss Vince McMahon
46%
The Future Seth Rollins
43%
Mr. Monday Night RVD
40%
West Coast Pop Rey Mysterio
31%
The Wildcat Kofi Kingston
8%
No matching quizzes found
Score Distribution
Percent of People with Each Score
Percentile by Number Answered
Your Score History
You have not taken this quiz